Orelsan - La fête est finie (album) - Statistiques

Statistiques générales
  • Ce quiz a été pris 180 fois
  • Le résultat moyen est 10 sur 14
Statistiques - réponses
Position dans l'album Titre % Correct
2 La fête est finie
90%
1 San
90%
14 Notes pour trop tard (ft Ibeyi)
86%
3 Basique
82%
12 La pluie (ft Stromae)
81%
9 Christophe (ft Gims)
79%
6 La lumière
70%
13 Paradis
70%
4 Tout va bien
70%
10 Zone (ft Nekfeu et Dizzee Rascal)
69%
7 Bonne meuf
67%
11 Dans ma ville, on traine
62%
8 Quand est-ce que ça s'arrête?
56%
5 Défaites de famille
45%
Aucun quiz correspondant
Distribution des résultats
% des personnes avec chaque résultat
Percentile par nombre de réponses
Votre historique - résultats
Vous n’avez pas pris ce quiz